| 000 | 00517 a2200181 4500 | ||
|---|---|---|---|
| 005 | 20241005093029.0 | ||
| 008 | 241003b |||||||| |||| 00| 0 eng d | ||
| 020 | _a9788126426553 | ||
| 080 | _a030.8=M PAD "2023" R | ||
| 100 | _aPadmanabha Pillai, Sreekanteswaram G. | ||
| 245 | _aSabdatharavali(ശബ്ദതാരാവലി) | ||
| 260 |
_bD C Books _aKottayam _c2023 |
||
| 300 | _axxii,2055p. | ||
| 653 | _aMalayalam Dictionary | ||
| 653 | _aSabdatharavali | ||
| 653 | _aSabdhatharavali | ||
| 942 | _cREF | ||
| 999 |
_c112732 _d112731 |
||